• 首页
  • 本馆介绍
  • 公告通知
  • 最新文献
  • 馆藏检索
  • 电子资源
  • 读者导购
  • 参考咨询
  • 我的图书馆
  • 登录
  • 详细信息显示
  • 放入我的书架
  • 预约/预借图书
  • 作者相关作品
  • 分类相关作品
  • 丛书相关作品
  • 出版社相关作品

书目信息

  • 表格格式
  • 工作单格式
  • 卡片格式
题名:
东盟农业投资研究
    
 
作者: 邓岩 著
分册:  
出版信息: 北京   中国经济出版社  2019
页数: 214页
开本: 24cm
丛书名:
单 册:
中图分类: F323.9 , F333.34
科图分类:
主题词: 农业投资--nong ye tou zi--国际合作--研究--中国--东南亚国家联盟
电子资源:
ISBN: 978-7-5136-5704-4
000 01299nam0 2200265 450
001 2158021716
005 20211011172911.0
010    @a978-7-5136-5704-4@dCNY48.00
100    @a20190902d2019 em y0chiy0120 ea
101 0  @achi
102    @aCN@b110000
105    @ay z 001yy
106    @ar
200 1  @a东盟农业投资研究@Adong meng nong ye tou zi yan jiu@dResearch on agricultural investment of Asean@f邓岩著@zeng
210    @a北京@c中国经济出版社@d2019
215    @a214页@d24cm
300    @a广东海洋大学创新强校农林经济管理学科经费资助 广东海洋大学科研启动经费资助项目
330    @a本书第1~2章介绍了东盟农业投资的研究背景、意义与概况,东盟农业投资的现状、特点与问题;第3~4章分析了东盟各国农业投资政策和主要投资类别;第5章从国别、产业和合作领域三个方面分析东盟农业投资重点;第6章归纳了东盟农业投资面临的主要风险,有针对性地创建了东盟农业投资风险评价方法;第7~8章分析了东盟农业投资的典型案例,以及其他国家对东盟农业投资的经验借鉴;第9章从政府和企业两个层面提出推进东盟农业投资的对策与措施。
510 1  @aResearch on agricultural investment of Asean@zeng
606 0  @a农业投资@Anong ye tou zi@x国际合作@x研究@y中国@x东南亚国家联盟
690    @aF323.9@v5
690    @aF333.34@v5
701  0 @a邓岩@Adeng yan@4著
801  0 @aCN@b百万庄@c20211007
905    @b1306697-6700@dF323.9@e206@f4
    
    东盟农业投资研究=Research on agricultural investment of Asean/邓岩著.-北京:中国经济出版社,2019
    214页;24cm
    广东海洋大学创新强校农林经济管理学科经费资助 广东海洋大学科研启动经费资助项目
    
    ISBN 978-7-5136-5704-4:CNY48.00
    本书第1~2章介绍了东盟农业投资的研究背景、意义与概况,东盟农业投资的现状、特点与问题;第3~4章分析了东盟各国农业投资政策和主要投资类别;第5章从国别、产业和合作领域三个方面分析东盟农业投资重点;第6章归纳了东盟农业投资面临的主要风险,有针对性地创建了东盟农业投资风险评价方法;第7~8章分析了东盟农业投资的典型案例,以及其他国家对东盟农业投资的经验借鉴;第9章从政府和企业两个层面提出推进东盟农业投资的对策与措施。
●
相关链接 在E读中查询图书 在五车中查询图书 在当当中查询图书 在豆瓣中查询图书


正题名:东盟农业投资研究     索取号:F323.9/206         预约/预借

序号 登录号 条形码 馆藏地/架位号 状态 备注
1 1306697   213066974   第一样本阅览室/ [索取号:F323.9/206] 在馆    
2 1306698   213066983   第一借阅区/ [索取号:F323.9/206] 在馆    
3 1306699   213066992   第一借阅区/ [索取号:F323.9/206] 在馆    
4 1306700   213067009   第一借阅区/ [索取号:F323.9/206] 在馆    
唐山师范学院图书馆 欢迎您!
大连网信软件有限公司© 版权所有